000
00273nam a2200097Ia 4500
001
700565
005
20250826162255.0
008
250824s9999 xx 000 0 und d
245
0
_a
Mış Gibi Yetişkinler Yetişkin Çocuklar
_c
DOĞAN CÜCELOĞLU
260
_b
REMZİ KİTABEVİ
999
_c
700565
_d
700565